| 000 | 00561cam a22001691 4500 | ||
|---|---|---|---|
| 082 |
_a355.4332 _bAST |
||
| 100 | 1 |
_aAston, George Grey, _949512 |
|
| 245 | 1 | 0 |
_aSecret service, _cby Major-General Sir George Aston. |
| 260 |
_aNew York, _bCosmopolitan book corporation, _c1930. |
||
| 300 |
_a348 p. _billus. _c21 cm. |
||
| 526 |
_a0 _b0 _c0 _d355_433200000000000_AST |
||
| 650 | 0 |
_aMCE _9379 |
|
| 650 | 0 |
_aMilitary intelligence. _948697 |
|
| 650 | 0 |
_aSecret service _zGreat Britain. _949513 |
|
| 650 | 0 |
_aWorld War, 1914-1918 _xSecret service. _949295 |
|
| 942 |
_2ddc _cBK |
||
| 999 |
_c552292 _d552292 |
||